Statistics for Every Doctor Who Story (1963-2023)

Click here to take the quiz!

General Stats

  • This quiz has been taken 29 times
    (8 since last reset)
  • The average score is 276 of 313

Answer Stats

SeasonAnswer% Correct
Series 342
100%
SpecialA Christmas Carol
100%
Series 6A Good Man Goes to War
100%
Series 1Aliens of London/World War Three
100%
Series 5Amy's Choice
100%
Season 7(And) The Silurians
100%
Season 1An Unearthly Child
100%
Series 2Army of Ghosts/Doomsday
100%
Series 7Asylum of the Daleks
100%
Series 7A Town Called Mercy
100%
Series 1Bad Wolf/The Parting of the Ways
100%
Series 1Boom Town
100%
Season 17City of Death
100%
Series 6Closing Time
100%
Series 7Cold War
100%
Series 1Dalek
100%
Series 3Daleks in Manhattan/Evolution of the Daleks
100%
Series 8Dark Water/Death in Heaven
100%
Series 8Deep Breath
100%
Series 7Dinosaurs on a Spaceship
100%
SpecialDoctor Who: The Television Movie
100%
Season 19Earthshock
100%
Series 9Face the Raven
100%
Series 1Father's Day
100%
Series 2Fear Her
100%
Series 8Flatline
100%
Season 5Fury From the Deep
100%
Season 12Genesis of the Daleks
100%
Series 3Gridlock
100%
Series 9Heaven Sent
100%
Series 9Hell Bent
100%
Series 7Hide
100%
Series 3Human Nature/The Family of Blood
100%
Season 7Inferno
100%
Series 8In the Forest of the Night
100%
Series 8Into the Dalek
100%
Series 7Journey to the Centre of the TARDIS
100%
Series 8Kill the Moon
100%
Series 10Knock Knock
100%
SpecialLast Christmas
100%
Series 6Let's Kill Hitler
100%
Series 8Listen
100%
Season 18Logopolis
100%
Series 2Love & Monsters
100%
Series 4Midnight
100%
Series 8Mummy on the Orient Express
100%
Series 2New Earth
100%
Series 7Nightmare in Silver
100%
Series 6Night Terrors
100%
Series 4Partners in Crime
100%
Season 2Planet of Giants
100%
SpecialPlanet of the Dead
100%
Series 4Planet of the Ood
100%
Season 11Planet of the Spiders
100%
Series 2Rise of the Cybermen/The Age of Steel
100%
Season 12Robot
100%
Series 8Robot of Sherwood
100%
Series 1Rose
100%
Series 2School Reunion
100%
Series 4Silence in the Library/Forest of the Dead
100%
Series 9Sleep No More
100%
Series 10Smile
100%
Series 3Smith and Jones
100%
Season 20Snakedance
100%
Season 7Spearhead from Space
100%
Season 8Terror of the Autons
100%
Season 13Terror of the Zygons
100%
Season 5The Abominable Snowmen
100%
Series 7The Angels Take Manhattan
100%
Season 3The Ark
100%
Season 12The Ark in Space
100%
Season 1The Aztecs
100%
Series 5The Beast Below
100%
Series 7The Bells of Saint John
100%
Series 8The Caretaker
100%
Season 21The Caves of Androzani
100%
Season 3The Celestial Toymaker
100%
SpecialThe Christmas Invasion
100%
Series 7The Crimson Horror
100%
Season 9The Curse of Peladon
100%
Series 6The Curse of the Black Spot
100%
Season 2The Dalek Invasion of Earth
100%
Season 1The Daleks
100%
Season 3The Daleks' Master Plan
100%
SpecialThe Day of the Doctor
100%
Season 14The Deadly Assassin
100%
Series 4The Doctor's Daughter
100%
Series 6The Doctor's Wife
100%
SpecialThe Doctor, the Widow and the Wardrobe
100%
Season 1The Edge of Destruction
100%
Series 5The Eleventh Hour
100%
Series 1The Empty Child/The Doctor Dances
100%
Series 1The End of the World
100%
SpecialThe End of Time
100%
Season 4The Evil of the Daleks
100%
Season 4The Faceless Ones
100%
Seres 4The Fires of Pompeii
100%
SpecialThe Five Doctors
100%
Series 2The Girl in the Fireplace
100%
Series 9The Girl Who Died/The Woman Who Lived
100%
Series 6The Girl Who Waited
100%
Season 10The Green Death
100%
Season 3The Gunfighters
100%
Season 14The Hand of Fear
100%
Season 4The Highlanders
100%
Series 5The Hungry Earth/Cold Blood
100%
SpecialThe Husbands of River Song
100%
Series 2The Idiot's Lantern
100%
Series 6The Impossible Astronaut/Day of the Moon
100%
Series 2The Impossible Planet/The Satan Pit
100%
Series 3The Lazarus Experiment
100%
Series 5The Lodger
100%
Series 1The Long Game
100%
Season 4The Macra Terror
100%
Series 9The Magician's Apprentice/The Witch's Familiar
100%
Season 6The Mind Robber
100%
Season 3The Myth Makers
100%
Series 7The Name of the Doctor
100%
SpecialThe Next Doctor
100%
Series 5The Pandorica Opens/The Big Bang
100%
Series 10The Pilot
100%
Series 7The Power of Three
100%
Series 6The Rebel Flesh/The Almost People
100%
SpecialThe Return of Doctor Mysterio
100%
Series 7The Rings of Akhaten
100%
Season 2The Romans
100%
SpecialThe Runaway Bride
100%
Season 9The Sea Devils
100%
Season 1The Sensorites
100%
Series 3The Shakespeare Code
100%
Season 4The Smugglers
100%
SpecialThe Snowmen
100%
Series 4The Sontaran Stratagem/The Poison Sky
100%
Series 3The Sound of Drums/Last of the Time Lords
100%
Series 4The Stolen Earth/Journey's End
100%
Season 4The Tenth Planet
100%
Season 10The Three Doctors
100%
Series 5The Time of Angels/Flesh and Stone
100%
SpecialThe Time of the Doctor
100%
Season 5The Tomb of the Cybermen
100%
Season 23The Trial of a Timelord: Terror of the Vervoids
100%
Season 23The Trial of a Timelord: The Mysterious Planet
100%
Season 23The Trial of a Timelord: The Ultimate Foe
100%
Season 22The Two Doctors
100%
Series 4The Unicorn and the Wasp
100%
Series 1The Unquiet Dead
100%
Series 5The Vampires of Venice
100%
Season 6The War Games
100%
SpecialThe Waters of Mars
100%
Season 2The Web Planet
100%
Series 6The Wedding of River Song
100%
Season 5The Wheel in Space
100%
Series 9The Zygon Invasion/The Zygon Inversion
100%
Series 10Thin Ice
100%
Series 8Time Heist
100%
Series 2Tooth and Claw
100%
Series 4Turn Left
100%
Series 9Under the Lake/Before the Flood
100%
Series 3Utopia
100%
Season 22Vengeance on Varos
100%
Series 5Victory of the Daleks
100%
Series 5Vincent and the Doctor
100%
SpecialVoyage of the Damned
100%
Series 11Arachnids in the UK
80%
Season 20Arc of Infinity
80%
Series 12Ascension of the Cybermen/The Timeless Children
80%
Season 22Attack of the Cybermen
80%
Season 26Battlefield
80%
Season 19Black Orchid
80%
Series 3Blink
80%
Series 12Can You Hear Me?
80%
Season 10Carnival of Monsters
80%
Season 19Castrovalva
80%
Season 8Colony in Space
80%
Season 9Day of the Daleks
80%
Season 11Death to the Daleks
80%
Season 24Delta and the Bannermen
80%
Series 11Demons of the Punjab
80%
Season 17Destiny of the Daleks
80%
Season 24Dragonfire
80%
Series 10Empress of Mars
80%
Season 20Enlightenment
80%
SpecialEve of the Daleks
80%
Series 10Extremis
80%
Series 13Flux: Once, Upon Time
80%
Series 13Flux: Survivors of the Flux
80%
Series 13Flux: The Halloween Apocalypse
80%
Series 13Flux: The Vanquishers
80%
Series 13Flux: Village of the Angels
80%
Series 13Flux: War of the Sontarans
80%
Series 12Fugitive of the Judoon
80%
Season 3Galaxy 4
80%
Season 26Ghost Light
80%
Season 15Horror of Fang Rock
80%
Series 11It Takes You Away
80%
Series 11Kerblam!
80%
Season 19Kinda
80%
SpecialLegend of the Sea Devils
80%
Season 1Marco Polo
80%
Season 20Mawdryn Undead
80%
Season 18Meglos
80%
Season 3Mission to the Unknown
80%
Series 12Nikola Tesla's Night of Terror
80%
Series 12Orphan 55
80%
Series 10Oxygen
80%
Season 10Planet of the Daleks
80%
SpecialPower of the Doctor
80%
Season 13Pyramids of Mars
80%
SpecialResolution
80%
Season 21Resurrection of the Daleks
80%
Season 22Revelation of the Daleks
80%
Season 12Revenge of the Cybermen
80%
SpecialRevolution of the Daleks
80%
Series 11Rosa
80%
UnairedShada
80%
Season 25Silver Nemesis
80%
Series 12Spyfall
80%
Season 26Survival
80%
Season 7The Ambassadors of Death
80%
Season 21The Awakening
80%
Series 11The Battle of Ranskoor Av Kolos
80%
Season 13The Brain of Morbius
80%
Season 2The Chase
80%
Season 8The Claws of Axos
80%
Season 2The Crusade
80%
Season 26The Curse of Fenric
80%
Season 8The Dæmons
80%
Season 6The Dominators
80%
Series 10The Eaters of Light
80%
Season 5The Enemy of the World
80%
Season 14The Face of Evil
80%
Series 11The Ghost Monument
80%
SpecialThe Giggle
80%
Series 6The God Complex
80%
Season 25The Greatest Show in the Galaxy
80%
Series 12The Haunting of Villa Diodati
80%
Season 5The Ice Warriors
80%
Season 6The Invasion
80%
Season 15The Invasion of Time
80%
Season 18The Keeper of Traken
80%
Season 1The Keys of Marinus
80%
Season 20The King's Demons
80%
Season 6The Krotons
80%
Series 10The Lie of the Land
80%
Season 22The Mark of the Rani
80%
Season 8The Mind of Evil
80%
Season 11The Monster of Peladon
80%
Season 4The Moonbase
80%
Season 9The Mutants
80%
Season 4The Power of the Daleks
80%
Series 10The Pyramid at the End of the World
80%
Season 1The Reign of Terror
80%
Season 2The Rescue
80%
Season 14The Robots of Death
80%
Season 3The Savages
80%
Season 6The Seeds of Death
80%
Season 12The Sontaran Experiment
80%
Season 2The Space Museum
80%
SpecialThe Star Beast
80%
Season 14The Talons of Weng-Chiang
80%
Season 2The Time Meddler
80%
Season 9The Time Monster
80%
Season 11The Time Warrior
80%
Season 23The Trial of a Timelord: Mindwarp
80%
Series 11The Tsuranga Conundrum
80%
Season 21The Twin Dilemma
80%
Season 4The Underwater Menace
80%
Season 19The Visitation
80%
Season 3The War Machines
80%
Season 5The Web of Fear
80%
Series 11The Witchfinders
80%
Series 11The Woman Who Fell to Earth
80%
Season 24Time and the Rani
80%
Season 22Timelash
80%
SpecialTwice Upon a Time
80%
Season 15Underworld
80%
Season 18Warriors' Gate
80%
Season 21Warriors of the Deep
80%
SpecialWild Blue Yonder
80%
Series 10World Enough and Time/The Doctor Falls
80%
Season 19Four to Doomsday
60%
Season 10Frontier in Space
60%
Season 21Frontios
60%
Season 18Full Circle
60%
Season 15Image of the Fendahl
60%
Season 11Invasion of the Dinosaurs
60%
Season 17Nightmare of Eden
60%
Season 24Paradise Towers
60%
Season 21Planet of Fire
60%
Series 12Praxeus
60%
Season 25Remembrance of the Daleks
60%
Season 18State of Decay
60%
Season 20Terminus
60%
Season 13The Android Invasion
60%
Season 16 (The Key to Time)The Androids of Tara
60%
Season 16 (The Key to Time)The Armageddon Factor
60%
SpecialThe Church on Ruby Road
60%
Season 17The Creature from the Pit
60%
Season 25The Happiness Patrol
60%
Season 15The Invisible Enemy
60%
Season 18The Leisure Hive
60%
Season 14The Masque of Mandragora
60%
Season 3The Massacre (of St Bartholomew's Eve)
60%
Season 16 (The Key to Time)The Pirate Planet
60%
Season 16 (The Key to Time)The Power of Kroll
60%
Season 16 (The Key to Time)The Ribos Operation
60%
Season 13The Seeds of Doom
60%
Season 6The Space Pirates
60%
Season 16 (The Key to Time)The Stones of Blood
60%
Season 15The Sunmakers
60%
Season 19Time-Flight
60%
Season 13Planet of Evil
40%
Season 17The Horns of Nimon
40%

Score Distribution

Percentile by Number Answered

Percent of People with Each Score

Your Score History

You have not taken this quiz since the last reset